Theories and modes of climate-smart agriculture / (Record no. 51723)

MARC details
000 -LEADER
fixed length control field 00605nam a2200229Ia 4500
005 - DATE AND TIME OF LATEST TRANSACTION
control field 20260429111958.0
008 - FIXED-LENGTH DATA ELEMENTS--GENERAL INFORMATION
fixed length control field 260429s9999||||xx |||||||||||||| ||und||
020 ## - INTERNATIONAL STANDARD BOOK NUMBER
International Standard Book Number 9789811283550
041 ## - LANGUAGE CODE
Language English
082 ## - DEWEY DECIMAL CLASSIFICATION NUMBER
Classification number 630.951
Item number LI
100 ## - MAIN ENTRY--PERSONAL NAME
Personal name Li, Bo
245 #0 - TITLE STATEMENT
Title Theories and modes of climate-smart agriculture /
Statement of responsibility, etc Bo Li
260 ## - PUBLICATION, DISTRIBUTION, ETC. (IMPRINT)
Place of publication, distribution, etc Singapore :
Name of publisher, distributor, etc World Scientific Publishing,
Date of publication, distribution, etc 2024.
300 ## - PHYSICAL DESCRIPTION
Extent xvii, 322 p.; hb
650 ## - SUBJECT ADDED ENTRY--TOPICAL TERM
Topical term or geographic name as entry element Climate
650 ## - SUBJECT ADDED ENTRY--TOPICAL TERM
Topical term or geographic name as entry element Agriculture
700 ## - ADDED ENTRY--PERSONAL NAME
Personal name Chen, Fu
700 ## - ADDED ENTRY--PERSONAL NAME
Personal name Wang, Quanhui
700 ## - ADDED ENTRY--PERSONAL NAME
Personal name Yin, Xiaogang
700 ## - ADDED ENTRY--PERSONAL NAME
Personal name Zhang, Wejin
942 ## - ADDED ENTRY ELEMENTS (KOHA)
Koha item type Text Books
Holdings
Withdrawn status Lost status Damaged status Not for loan Collection code Home library Location Shelving location Date of Cataloging Source of acquisition Total Checkouts Full call number Barcode Date last seen Price effective from Koha item type
        Non-fiction CUTN Central Library CUTN Central Library Medicine, Technology & Management 29/04/2026 Feel Books, Chennai - Invoice No. BRL/CRB/25-26/568 on 13-02-2026   630.951 LI 56752 29/04/2026 29/04/2026 Text Books